00410nam a22001337a 4500008004100000041000800041080001000049100000700059101000800066245005800074942001200132999001700144952011500161181017b xxu||||| |||| 00| 0 eng d aeng a159.9 a49 apsi aAdvanced In Learning And BehavioralcCadow,K D 2udccBK c49995d49995 00102udc40708PËKGa002b002cPËKGd2018-10-17l0o159.9 CADp002-3015852r2018-10-17w2018-10-17yBK